000 00294 a2200133 4500
000 nam a22 7a 4500
100 _aVerma, P S
110 _aVerma, P S
245 _a Molecular Biology
250 _aLatest edition
260 _bS Chand
_c2024
264 _bS Chand
_c2024
942 _cBK
999 _c396806
_d396806